[Event "Schacknytts Jubileumsturnering"]
[Site "Malmo"]
[Date "1979.11.29"]
[Round "4"]
[White "Schmidt, Wlodzimierz"]
[Black "Niklasson, Christer"]
[Result "1/2-1/2"]
[WhiteElo "2430"]
[BlackElo "2385"]

1.d4 Nf6 2.c4 e6 3.Nf3 Bb4+ 4.Bd2 Qe7 5.Nc3 b6 6.g3 Bb7 7.Bg2 Bxc3 8.Bxc3 Ne4
9.Rc1 O-O 10.O-O d6 11.d5 Nxc3 12.Rxc3 e5 13.e4 c5 14.dxc6 Bxc6 15.Nh4 g6
16.Qd2 Na6 17.Rd1 Nc5 18.Qxd6 Qxd6 19.Rxd6 Bxe4  1/2-1/2

[Event "IBM-B"]
[Site "Amsterdam"]
[Date "1979.??.??"]
[Round "7"]
[White "Nemet, Ivan"]
[Black "Hernandez, Roman"]
[Result "1-0"]
[WhiteElo "2470"]
[BlackElo "2500"]

1.d4 Nf6 2.Nf3 e6 3.c4 Bb4+ 4.Bd2 Qe7 5.g3 O-O 6.Bg2 Bxd2+ 7.Nbxd2 d6 8.O-O e5
9.e4 Bg4 10.Qc2 a5 11.Rfe1 Nc6 12.d5 Nb8 13.Nf1 c6 14.N3d2 cxd5 15.exd5 Qc7
16.Ne3 Bd7 17.c5 Rc8 18.Rac1 Na6 19.cxd6 Qxd6 20.Ndc4 Qb8 21.Qd2 b6 22.d6 e4
23.Nd5 Nxd5 24.Qxd5 Nc5 25.Bxe4 Bc6 26.Qxc6 Rxc6 27.Bxc6  1-0

[Event "URS-ch otbor"]
[Site "Beltsy"]
[Date "1979.??.??"]
[Round "?"]
[White "Podgaets, Mikhail"]
[Black "Mnatsakanian, Eduard A"]
[Result "1-0"]
[WhiteElo "2450"]
[BlackElo "2425"]

1.Nf3 Nf6 2.c4 e6 3.d4 Bb4+ 4.Bd2 Qe7 5.g3 O-O 6.Bg2 d5 7.Qc2 c5 8.Bxb4 cxb4
9.Nbd2 Nc6 10.O-O Rd8 11.Rad1 dxc4 12.Nxc4 Bd7 13.e4 Rac8 14.Qb1 Nb8 15.Ne3 Bc6
16.Ne5 Bb5 17.Rfe1 Nbd7 18.Nxd7 Nxd7 19.e5 Bc6 20.d5 Bxd5 21.Bxd5 exd5 22.Nxd5 Qc5
23.Qf5 Nb6 24.e6 Nxd5 25.e7 Re8 26.Rxd5 Qc4 27.Red1 Rxe7 28.Re5  1-0

[Event "URS-FL"]
[Site "Frunze"]
[Date "1979.??.??"]
[Round "9"]
[White "Lerner, Konstantin Z"]
[Black "Jussupow, Artur"]
[Result "1-0"]
[WhiteElo "2475"]
[BlackElo "2490"]

1.d4 Nf6 2.c4 e6 3.Nf3 Bb4+ 4.Bd2 a5 5.Nc3 O-O 6.Qc2 d5 7.e3 b6 8.Bd3 Bb7
9.cxd5 exd5 10.O-O Nbd7 11.Rfd1 Qe7 12.a3 Bd6 13.Nb5 c6 14.Nxd6 Qxd6 15.a4 Ba6
16.Bxa6 Rxa6 17.b3 Raa8 18.Bc1 b5 19.Bb2 b4 20.Rac1 Rfc8 21.Ne5 Qe6 22.Nd3 Ne4
23.Qe2 f5 24.Rc2 Rcb8 25.f3 Nef6 26.Bc1 Rb6 27.Bd2 Re8 28.Rdc1 g5 29.Qf2 Nh5
30.Nc5 Nxc5 31.Rxc5 Ra6 32.Qf1 Rea8 33.Re1 Nf6 34.e4 fxe4 35.Bxg5 R6a7 36.Qf2 Rf7
37.Qh4 Nd7 38.Rc2 Qg6 39.fxe4 Re8 40.Rce2 dxe4 41.Re3 Qf5 42.h3 Rg7 43.Bh6 Rg6
44.Rxe4 Rxe4 45.Rxe4 Rxh6 46.Re8+ Kg7 47.Qe7+ Qf7 48.Qe3 Qf5 49.Re7+ Kg6
50.Qg3+ Kf6 51.Qg7+  1-0

[Event "Lodz"]
[Site "Lodz"]
[Date "1979.??.??"]
[Round "4"]
[White "Zoltek, Tadeusz"]
[Black "Inkiov, Ventzislav"]
[Result "0-1"]
[WhiteElo "2335"]
[BlackElo "2460"]

1.d4 Nf6 2.Nf3 e6 3.c4 Bb4+ 4.Bd2 Qe7 5.Nc3 O-O 6.Qc2 d6 7.a3 Bxc3 8.Bxc3 Nc6
9.b4 e5 10.d5 Nb8 11.e3 Bg4 12.Be2 Nbd7 13.h3 Bh5 14.Nh4 Bxe2 15.Nf5 Qd8
16.Qxe2 g6 17.Ng3 Ne8 18.e4 Ng7 19.O-O Qh4 20.Qe3 f5 21.f4 g5 22.fxe5 f4
23.Qe2 fxg3 24.e6 Ne5 25.Bxe5 dxe5 26.c5 Rf2 27.Rxf2 gxf2+ 28.Qxf2 Qxf2+
29.Kxf2 Kf8 30.b5 Ke7 31.Ke3 Rf8 32.a4 b6 33.cxb6 axb6 34.a5 bxa5 35.Rxa5 Rb8
36.h4 g4 37.h5 Ne8 38.Kf2 Nd6 39.Ra7 Nxb5 40.Ra4 Nd6 41.Kg3 Rb2 42.Kxg4 Rxg2+
43.Kf3 Rc2 44.Ra8 Rc3+ 45.Kg4 Nxe4 46.Kf5 Nd6+ 47.Kg5 Rg3+ 48.Kh6 Ne8 49.Ra1 e4
50.Rf1 Nf6  0-1

[Event "Stary Smokovec"]
[Site "Stary Smokovec"]
[Date "1979.??.??"]
[Round "?"]
[White "Plachetka, Jan"]
[Black "Adamski, Jan"]
[Result "1/2-1/2"]
[WhiteElo "2445"]
[BlackElo "2415"]

1.d4 Nf6 2.c4 e6 3.Nf3 Bb4+ 4.Bd2 Qe7 5.g3 Nc6 6.Bg2 Bxd2+ 7.Nbxd2 d6 8.O-O a5
9.Rc1 O-O 10.e4 e5 11.d5 Nb4 12.a3 Nd3 13.Rc3 Nc5 14.Nh4 a4 15.Nf5 Bxf5 16.exf5 h6
17.Re1 Rfe8 18.h4 Nfd7 19.Be4 Nf6 20.Bc2 Qd7 21.g4 e4 22.Rg3 Nd3 23.Ree3 h5
24.g5 Ng4 25.Rxg4 hxg4 26.Qxg4 Nc5 27.Nf1 Re5 28.Ng3  1/2-1/2

[Event "SWE-ch"]
[Site "?"]
[Date "1979.??.??"]
[Round "?"]
[White "Sjoberg, Mats"]
[Black "Wirgren, A."]
[Result "1/2-1/2"]
[WhiteElo "2200"]
[BlackElo "2200"]

1.d4 Nf6 2.c4 e6 3.Nf3 Bb4+ 4.Bd2 Qe7 5.a3 Bxd2+ 6.Qxd2 d6 7.Nc3 e5 8.Qc2 O-O
9.e3 Bg4 10.dxe5 dxe5 11.Nd2 a5 12.Bd3 c6 13.O-O Na6 14.Nde4 Nxe4 15.Nxe4 f5
16.Ng3 e4 17.Be2 Bxe2 18.Nxe2 Nc5 19.b4 axb4 20.axb4 Nd3 21.Rxa8 Rxa8 22.b5 Qe5
23.bxc6 bxc6 24.Rb1 c5 25.h3 Ra3 26.Nc1 Nb4 27.Qd1 h6 28.Qd8+ Kh7 29.Ne2 Nd3
30.Ng3 f4 31.exf4 Qxf4 32.Rb8 Ra6 33.Qg8+ Kg6 34.Qe8+ Kh7 35.Qg8+ Kg6 36.Qe8+ Kh7
37.Qxe4+ Qxe4 38.Nxe4 Ra4  1/2-1/2

[Event "SWE-ch"]
[Site "?"]
[Date "1979.??.??"]
[Round "?"]
[White "Renman, Nils Gustaf"]
[Black "Kinnmark, Ove"]
[Result "0-1"]
[WhiteElo "2400"]
[BlackElo "2365"]

1.d4 Nf6 2.Nf3 e6 3.c4 Bb4+ 4.Bd2 Qe7 5.g3 Bxd2+ 6.Nbxd2 d6 7.Bg2 e5 8.e3 O-O
9.O-O c5 10.Nb1 e4 11.Ng5 h6 12.Nh3 Bg4 13.Qc2 Nc6 14.d5 Ne5 15.Kh1 Bf3 16.Ng1 Bxg2+
17.Kxg2 b5 18.cxb5 Nxd5 19.Qxe4 Nf6 20.Qc2 Qb7+ 21.f3 Nd5 22.Re1 Nb4 23.Qb3 Nbd3
24.Rd1 c4 25.Qc2 Qxb5 26.Na3 Qc5 27.Qd2 Rab8 28.Rab1 Rb6 29.Nc2 Rfb8 30.b3 cxb3
31.axb3 Rxb3 32.Rxb3 Rxb3 33.Ne2 Nc4 34.Qxd3 Rxd3 35.Rxd3 a5 36.Rc3 d5 37.Kf2 a4
38.Nc1 Qb5 39.Nd3 Qb7 40.Na3 Qa7  0-1

[Event "SWE-ch"]
[Site "?"]
[Date "1979.??.??"]
[Round "?"]
[White "Renman, Nils Gustaf"]
[Black "Wirgren, A."]
[Result "1-0"]
[WhiteElo "2400"]
[BlackElo "2200"]

1.d4 Nf6 2.Nf3 e6 3.c4 Bb4+ 4.Bd2 Qe7 5.g3 Nc6 6.Bg2 Bxd2+ 7.Nbxd2 d6 8.O-O a5
9.b3 O-O 10.a3 e5 11.d5 Nb8 12.e4 Na6 13.Ne1 Bg4 14.f3 Bd7 15.Rf2 c6 16.dxc6 bxc6
17.Nf1 Rfb8 18.Ne3 g6 19.Rb2 c5 20.N1c2 Bc6 21.Bf1 Ne8 22.Qe1 Qc7 23.Kg2 Ng7
24.Nd5 Qd8 25.Rab1 Ne6 26.Qd2 Kg7 27.h4 h5 28.Be2 Rb7 29.Qc3 Rab8 30.Bf1 Nd4
31.Nxd4 cxd4 32.Qd2 Nc5 33.b4 Na4 34.Rb3 Bxd5 35.exd5 Nc3 36.R1b2 Qd7 37.b5 Qc7
38.Rc2 Na4 39.Rb1 Nc5 40.Rcc1 Ra8 41.Bd3 Qe7 42.Bc2 f5 43.Re1 Qf6 44.Rbd1 Re7
45.Qg5 Rf7 46.Qxf6+ Kxf6 47.Rd2 Rc8 48.Rb1 Rb7 49.Kf2 Nd7 50.Bd3 Nb6 51.Rc2 Na4
52.Rd2 Re7 53.Re1 Rce8 54.Bc2 Nb6 55.Bb3 Rc8 56.Rb1  1-0

[Event "SWE-ch"]
[Site "?"]
[Date "1979.??.??"]
[Round "?"]
[White "Lekander, Rolf"]
[Black "Wirgren, A."]
[Result "1/2-1/2"]
[WhiteElo "2285"]
[BlackElo "2200"]

1.d4 Nf6 2.Nf3 e6 3.c4 Bb4+ 4.Bd2 Qe7 5.e3 O-O 6.Bd3 Bxd2+ 7.Nbxd2 d6 8.O-O e5
9.e4 a5 10.Re1 Nc6 11.d5 Nb4 12.Bf1 Na6 13.a3 Bd7 14.b4  1/2-1/2

[Event "URS Spartakiad"]
[Site "URS"]
[Date "1979.??.??"]
[Round "?"]
[White "Polugaevsky, Lev"]
[Black "Smyslov, Vassily"]
[Result "1-0"]
[WhiteElo "2625"]
[BlackElo "2560"]

1.d4 Nf6 2.c4 e6 3.Nf3 Bb4+ 4.Bd2 a5 5.g3 d6 6.Bg2 Nbd7 7.O-O e5 8.Nc3 exd4
9.Nxd4 O-O 10.Qc2 Ne5 11.Bg5 h6 12.Bxf6 Qxf6 13.Nd5 Qd8 14.Nxb4 axb4 15.c5 c6
16.Rfd1 d5 17.e4 Bg4 18.Re1 dxe4 19.Rxe4 Re8 20.Rae1 Qd7 21.h3 Bxh3 22.Bxh3 Qxd4
23.Bg2 Qd5 24.f4 Rxa2 25.fxe5 b3 26.Qc3 Rd8 27.e6 fxe6 28.Rg4 Qd7 29.Qxb3 Ra5
30.Qc3 Rda8 31.Kh2 e5 32.Rge4  1-0

[Event "URS Spartakiad"]
[Site "URS"]
[Date "1979.??.??"]
[Round "?"]
[White "Razuvaev, Yuri S"]
[Black "Osnos, Viatcheslav"]
[Result "1-0"]
[WhiteElo "2470"]
[BlackElo "2470"]

1.d4 Nf6 2.c4 e6 3.Nf3 Bb4+ 4.Bd2 Qe7 5.g3 Nc6 6.Nc3 O-O 7.Bg2 d6 8.O-O a5
9.Rc1 Bd7 10.d5 Nd8 11.Bg5 h6 12.Bxf6 Qxf6 13.Nd4 Bc5 14.e3 Qe7 15.dxe6 fxe6
16.Ne4 Bb6 17.Qc2 e5 18.Ne2 Ne6 19.N2c3 Bc6 20.b3 Kh8 21.a3 Bxe4 22.Nxe4 c6
23.b4 axb4 24.axb4 Bc7 25.b5 Ra5 26.Nc3 Qe8 27.bxc6 bxc6 28.Ra1 Nc5 29.Rxa5 Bxa5
30.Ne4 Qg6 31.Qb1 Nxe4 32.Bxe4 Qg4 33.Qd3 Qd7 34.Qa3 Qc7 35.Qa4 Rc8 36.h4 Bb6
37.Rd1 Bc5 38.Kg2 Qd7 39.Rd2 Kg8 40.Ra2 Kf7 41.Qd1 Ke7 42.Qh5 Qb7 43.Qg6 Kf8
44.Qf5+ Ke8 45.Qe6+ Kf8 46.Bh7  1-0

[Event "BCF-ch"]
[Site "Brighton"]
[Date "1980.08.06"]
[Round "3"]
[White "Neat, Kenneth P"]
[Black "Pritchett, Craig William"]
[Result "1/2-1/2"]
[WhiteElo "2315"]
[BlackElo "2390"]

1.d4 Nf6 2.c4 e6 3.Nf3 Bb4+ 4.Bd2 Qe7 5.g3 Nc6 6.Bg2 Bxd2+ 7.Nbxd2 d6 8.O-O a5
9.b3 O-O 10.a3 Bd7 11.Qc2 Rfe8 12.Rfe1 e5 13.d5 Nb8 14.e4 Na6 15.Rab1 c6
16.Rec1 b5 17.cxb5 cxb5 18.Qd3 Rec8 19.Bf1 Qd8 20.Qe3 Ng4 21.Qe2 Qb6 22.h3 Nf6
23.Rxc8+ Rxc8 24.a4 Rc5 25.axb5 Bxb5 26.Qe1 Bxf1 27.Qxf1 Nb4 28.Nc4 Qd8 29.Nfd2 Nh5
30.Qe2 g6 31.Kh2 Ng7 32.Rf1 f5 33.f4 exf4 34.Rxf4 Qe7 35.Rf2 Nc2 36.exf5 Qxe2
37.Rxe2 gxf5 38.Nxd6 Rxd5 39.N6c4  1/2-1/2

[Event "Berlin tt"]
[Site "Berlin-West"]
[Date "1980.??.??"]
[Round "?"]
[White "Brosius"]
[Black "Pritchett, Craig William"]
[Result "0-1"]
[WhiteElo "2200"]
[BlackElo "2390"]

1.d4 Nf6 2.c4 e6 3.Nf3 Bb4+ 4.Bd2 Qe7 5.a3 Bxd2+ 6.Nbxd2 d6 7.e3 O-O 8.Be2 e5
9.dxe5 dxe5 10.e4 Nc6 11.O-O a5 12.Rc1 Bg4 13.Qc2 Nh5 14.h3 Nf4 15.Rfe1 Bxf3
16.Nxf3 Ne6 17.Qc3 Ned4 18.c5 a4 19.Bc4 Nxf3+ 20.Qxf3 Nd4 21.Qe3 Rfd8 22.Red1 Kf8
23.f4 Qxc5 24.Kh1 Nb3 25.Qxc5+ Nxc5 26.Bd5 Ra5 27.Bb3 Rxd1+ 28.Bxd1 exf4
29.Rc4 b6 30.Kg1 Ke7 31.Kf1 g5 32.Ke2 Rb5 33.Rb4 Rxb4 34.axb4 Nxe4 35.Bxa4 Kd6
36.Bc2 f5 37.Bb3 Ke5 38.Bc4 Kd4 39.Be6 Ng3+ 40.Kf3 Ke5 41.Bf7 h5  0-1

[Event "HUN-ch"]
[Site "Budapest"]
[Date "1980.??.??"]
[Round "?"]
[White "Lukacs, Peter"]
[Black "Vadasz, Laszlo"]
[Result "1/2-1/2"]
[WhiteElo "2405"]
[BlackElo "2500"]

1.d4 Nf6 2.c4 e6 3.Nf3 Bb4+ 4.Bd2 Qe7 5.g3 b6 6.Bg2 Bb7 7.O-O O-O 8.Bg5 h6
9.Bf4 Bd6 10.Bxd6 cxd6 11.Nc3 Rc8 12.Nd2 Bxg2 13.Kxg2 Nc6 14.e3 Qd8 15.Rc1 a6
16.Qe2 Qc7 17.b3 Qb7 18.Nf3 Na7 19.d5 b5 20.e4 bxc4 21.bxc4 Qb4 22.Nd2 exd5
23.Nxd5 Nxd5 24.exd5 Qa3 25.Nb3 Re8 26.Qd3 Nc8 27.Rc2 Nb6  1/2-1/2

[Event "Malta ol (Men)"]
[Site "La Valetta"]
[Date "1980.??.??"]
[Round "?"]
[White "Kuligowski, Adam"]
[Black "Wirthensohn, Heinz"]
[Result "1/2-1/2"]
[WhiteElo "2405"]
[BlackElo "2425"]

1.d4 Nf6 2.c4 e6 3.Nf3 Bb4+ 4.Bd2 c5 5.Bxb4 cxb4 6.g3 b6 7.Bg2 Bb7 8.O-O O-O
9.Qb3 a5 10.a3 bxa3 11.Nxa3 Na6 12.Rac1 Nb4 13.Rfd1 Qe7 14.Nc2 Nxc2 15.Rxc2 Be4
16.Rc3 Rab8 17.Ne5 Bxg2 18.Kxg2 Rfc8 19.Qb5 Qe8 20.Rb3 Kf8 21.Rc1 d6 22.Nd3 Qd7
23.Qg5 h6 24.Qf4 Re8 25.Rb5 Qc6+ 26.f3 Nd7 27.Rh5 e5 28.Qd2  1/2-1/2

[Event "Makarczyk mem"]
[Site "Lodz"]
[Date "1980.??.??"]
[Round "4"]
[White "Spassov, Liuben"]
[Black "Adamski, Jan"]
[Result "1-0"]
[WhiteElo "2450"]
[BlackElo "2410"]

1.d4 Nf6 2.c4 e6 3.Nf3 Bb4+ 4.Bd2 Qe7 5.g3 Nc6 6.Bg2 Bxd2+ 7.Nbxd2 d6 8.O-O a5
9.e4 e5 10.d5 Nb8 11.Ne1 h5 12.h4 O-O 13.Nd3 Nbd7 14.b3 b6 15.a3 Nc5 16.Nb2 Bg4
17.Qc2 Na6 18.Qc3 Nb8 19.b4 axb4 20.axb4 Rxa1 21.Rxa1 c5 22.b5 Bc8 23.Ra8 Bb7
24.Ra7 Qc7 25.Bh3 Nbd7 26.Qa3 Qb8 27.Nd1 Re8 28.Ne3 g6 29.Nd1 Nf8 30.Nc3 Kg7
31.Nf3 N6h7 32.Qa1 Re7 33.Ra2 Qd8 34.Na4 Re8 35.Nc3 Re7 36.Ne1 Nf6 37.Nd3 Kg8
38.Qc1 Kg7 39.f4 Ne8 40.f5 Nf6 41.Ne1 N8h7 42.Nf3 Re8 43.Ng5 Nf8 44.fxg6 Nxg6
45.Nd1 Bc8 46.Bxc8 Qxc8 47.Ne3 Ne7 48.Rf2 Rf8 49.Qf1 Ng4 50.Rxf7+ Kg8 51.Nxg4 hxg4
52.Qf6  1-0

[Event "Makarczyk mem"]
[Site "Lodz"]
[Date "1980.??.??"]
[Round "9"]
[White "Kojder, Konrad"]
[Black "Raaste, Eero J"]
[Result "0-1"]
[WhiteElo "2430"]
[BlackElo "2420"]

1.d4 Nf6 2.Nf3 e6 3.c4 Bb4+ 4.Bd2 Qe7 5.g3 O-O 6.Bg2 Bxd2+ 7.Nbxd2 d6 8.e4 e5
9.d5 a5 10.O-O Na6 11.h3 Nh5 12.Ne1 g6 13.a3 Bd7 14.b3 Ng7 15.Nd3 f5 16.exf5 gxf5
17.f4 e4 18.Re1 Qf6 19.Nf2 Nc5 20.Rb1 Kh8 21.Re3 Rg8 22.Kh2 Qg6 23.Qc2 Nh5
24.Qc3+ Rg7 25.Bh1 Rg8 26.h4 Bc8 27.Rf1 Nf6 28.Rfe1 Qh6 29.Rg1 b6 30.Bg2 Nd3
31.Rxd3 exd3 32.Nh3 Ng4+ 33.Kh1 Re8 34.Ng5 Qf6 35.Qxd3 Re3 36.Qf1 Rge7 37.Ndf3 h6
38.Nh3 Rxb3 39.Qd1 Rb2 40.Nd4 Re4 41.Rf1 Rxd4 42.Qc1 Rdd2  0-1

[Event "Los Polvorines op"]
[Site "Los Polvorines"]
[Date "1980.??.??"]
[Round "?"]
[White "Torres, E."]
[Black "Smyslov, Vassily"]
[Result "0-1"]
[WhiteElo "2230"]
[BlackElo "2550"]

1.d4 Nf6 2.c4 e6 3.Nf3 Bb4+ 4.Bd2 a5 5.Nc3 b6 6.e3 Bb7 7.Bd3 d6 8.Qe2 Nbd7
9.O-O O-O 10.e4 e5 11.d5 Nc5 12.Bc2 Qd7 13.h3 Ba6 14.Nh4 Bxc3 15.Bxc3 c6
16.f4 cxd5 17.exd5 Nxd5 18.Qh5 Nf6 19.Qe2 Qe6 20.fxe5 Bxc4 21.Qf3 dxe5 22.Rf2 Bd5
23.Qe3 Nfe4 24.Rf5 f6 25.Qe2  0-1

[Event "Skien op"]
[Site "Skien"]
[Date "1980.??.??"]
[Round "1"]
[White "Henttinen, Markku IO"]
[Black "Iskov, Gert"]
[Result "0-1"]
[WhiteElo "2215"]
[BlackElo "2400"]

1.d4 Nf6 2.c4 e6 3.Nf3 Bb4+ 4.Bd2 Qe7 5.g3 Nc6 6.Bg2 Bxd2+ 7.Nbxd2 d6 8.Nf1 e5
9.d5 Nb8 10.Ne3 a5 11.Qc2 O-O 12.h4 Na6 13.h5 Nc5 14.Rh4 Bd7 15.Nf5 Qe8 16.O-O-O Nfe4
17.Nxg7 Kxg7 18.Rxe4 Nxe4 19.Qxe4 f5 20.Qh4 h6 21.Rg1 Kh7 22.Nd2 Rg8 23.e4 Rg4
24.Qf6 Qg8 25.Qe7+ Rg7 26.Qh4 Qf7 27.exf5 Bxf5 28.f3 Rf8 29.Bf1 Kh8 30.Qh2 Bh7
31.g4 Qe7 32.Qf2 Rf4 33.Qe3 Qg5 34.Qc3 b6 35.Rg2 Rgf7 36.Be2 Qh4 37.Bd1 Rd4
38.Re2 Rd3 39.Qc2 Qg5 40.Qa4 Rdxf3  0-1

[Event "SWE-ch"]
[Site "?"]
[Date "1980.??.??"]
[Round "?"]
[White "Sjoberg, Mats"]
[Black "Kinnmark, Ove"]
[Result "1-0"]
[WhiteElo "2230"]
[BlackElo "2365"]

1.d4 Nf6 2.c4 e6 3.Nf3 Bb4+ 4.Bd2 Qe7 5.g3 O-O 6.Bg2 Bxd2+ 7.Qxd2 d6 8.Nc3 e5
9.O-O Re8 10.Ne1 e4 11.Qf4 h6 12.Nc2 c6 13.Rad1 g5 14.Qe3 Bf5 15.Qc1 Na6
16.Ne3 Bg6 17.Bh3 Nc7 18.f4 exf3 19.Rxf3 b5 20.Rdf1 b4 21.Ncd1 Ne4 22.Nf5 Qf8
23.Bg2 Ne6 24.Nde3 h5 25.h3 Kh7 26.d5 cxd5 27.Nxd5 f6 28.Re3 N4c5 29.Qd2 Rad8
30.Nxb4 Ng7 31.Nxg7 Qxg7 32.Nd5 f5 33.Rxe8 Rxe8 34.Qxg5 Rxe2 35.Rxf5 Ne6
36.Nf6+ Kh8 37.Qxh5+  1-0

[Event "Lido op"]
[Site "Venice"]
[Date "1980.??.??"]
[Round "8"]
[White "Toth, Bela"]
[Black "Ivanovic, Bozidar"]
[Result "1/2-1/2"]
[WhiteElo "2390"]
[BlackElo "2440"]

1.d4 Nf6 2.c4 e6 3.Nf3 Bb4+ 4.Bd2 Qe7 5.g3 O-O 6.Bg2 Bxd2+ 7.Qxd2 Ne4 8.Qc2 f5
9.O-O d6 10.Nc3 Nxc3 11.Qxc3 a5 12.e3 Nd7 13.Rac1 Ra6 14.Nd2 e5 15.f4 c5
16.dxe5 dxe5 17.e4 exf4 18.Rxf4 fxe4 19.Rxe4 Qf6 20.Qxf6 Nxf6 21.Re7 Re6
22.Rxe6 Bxe6 23.Re1 Bf7 24.b3 Rd8 25.Ne4 Nxe4 26.Rxe4 Rd1+ 27.Kf2 b6 28.Re7 Kf8
29.Rb7 Rd2+ 30.Kg1 Rd6 31.a4 Bg6 32.Bd5 h6 33.Kf2 Rf6+  1/2-1/2

[Event "Yerevan"]
[Site "Yerevan"]
[Date "1980.??.??"]
[Round "6"]
[White "Tukmakov, Vladimir B"]
[Black "Vitolinsh, Alvis"]
[Result "0-1"]
[WhiteElo "2560"]
[BlackElo "2430"]

1.d4 Nf6 2.c4 e6 3.Nf3 Bb4+ 4.Bd2 c5 5.Bxb4 cxb4 6.g3 b6 7.Bg2 Bb7 8.O-O a5
9.a3 Na6 10.Nbd2 O-O 11.Qb3 d6 12.Rfd1 Qe7 13.Rac1 Rac8 14.e3 e5 15.Ne1 Bxg2
16.Kxg2 Qb7+ 17.Kg1 e4 18.Nc2 Qd7 19.axb4 Qh3 20.bxa5 Ng4 21.Nf1 Nc7 22.d5 Ne8
23.Nd4 Nef6 24.axb6 Ne5 25.f4 exf3 26.e4  0-1

[Event "Yerevan"]
[Site "Yerevan"]
[Date "1980.??.??"]
[Round "12"]
[White "Lputian, Smbat G"]
[Black "Vitolinsh, Alvis"]
[Result "1-0"]
[WhiteElo "2445"]
[BlackElo "2430"]

1.d4 Nf6 2.c4 e6 3.Nf3 Bb4+ 4.Bd2 c5 5.g3 b6 6.Bg2 Bb7 7.O-O Bxd2 8.Qxd2 O-O
9.Nc3 cxd4 10.Qxd4 Nc6 11.Qd6 Qb8 12.Rfd1 Rd8 13.b3 Ne8 14.Qxb8 Raxb8 15.Rd2 Kf8
16.Rad1 Ke7 17.Ng5 d6 18.f4 a6 19.e4 f6 20.Nf3 Nc7 21.Bf1 Ba8 22.f5 Ne5 23.Nd4 g6
24.a4 Bb7 25.h3 Rd7 26.h4 exf5 27.exf5 g5 28.hxg5 fxg5 29.Bg2 Bxg2 30.Kxg2 Kf7
31.Rh1 Kg7 32.Ne6+ Nxe6 33.fxe6 Rdd8 34.Ne4 b5 35.Nxd6 Kf6 36.Rh6+ Ng6 37.Rxh7 Kxe6
38.Rh6 Rg8 39.axb5 axb5 40.Nxb5 Kf5 41.Rd5+  1-0

[Event "Warsaw Cup"]
[Site "Warsaw"]
[Date "1981.06.28"]
[Round "7"]
[White "Dejkalo, Stefan"]
[Black "Marcinkowski, Kazimierz"]
[Result "1-0"]
[WhiteElo "2255"]
[BlackElo "2250"]

1.d4 Nf6 2.c4 e6 3.Nf3 Bb4+ 4.Bd2 c5 5.g3 Qb6 6.Bg2 cxd4 7.Nxd4 Nc6 8.Nb3 d5
9.cxd5 Nxd5 10.O-O O-O 11.a3 Bxd2 12.N1xd2 Ne5 13.Ne4 Bd7 14.Qd4 Qxd4 15.Nxd4 Nc6
16.Nb5 Nce7 17.Nbd6 Bc6 18.b4 b5 19.Nc5 Rab8 20.Rac1 Rfd8 21.Nde4 Nb6 22.Nc3 Bxg2
23.Kxg2 Nbd5 24.Rfd1 Kf8 25.e4 Nxc3 26.Rxd8+ Rxd8 27.Rxc3 Ke8 28.Na6 Rd4
29.Nc7+ Kd8 30.Nxb5 Rxe4 31.Nxa7 Nd5 32.Rb3 Kc7 33.Nb5+ Kc6 34.Nc3 Rc4 35.Nxd5 exd5
36.Kf3 Kb5 37.Rd3 d4 38.Ke4 Rc2 39.Kxd4 Rxf2 40.h4 h5 41.Ke3 Ra2 42.Kf4 g6
43.Rf3 Re2 44.Kg5 Re7 45.Kf6 Ra7 46.Kg7 Kc4 47.Rxf7 Rxa3 48.Rf4+ Kd5 49.Kxg6 Rxg3+
50.Kxh5 Ke5 51.Rg4 Rd3 52.Kg5 Rd8 53.h5 Rg8+ 54.Kh4 Rd8 55.b5 Rd1 56.Rb4 Rh1+
57.Kg5 Rg1+ 58.Rg4 Rb1 59.h6 Rxb5 60.h7 Rb8 61.Rh4  1-0

[Event "BCF-ch"]
[Site "Morecambe"]
[Date "1981.08.06"]
[Round "4"]
[White "Pigott, John C"]
[Black "Taulbut, Shaun M"]
[Result "1/2-1/2"]
[WhiteElo "2315"]
[BlackElo "2420"]

1.d4 e6 2.Nf3 Nf6 3.c4 Bb4+ 4.Bd2 Qe7 5.g3 Nc6 6.Bg2 Bxd2+ 7.Nbxd2 d6 8.O-O O-O
9.e4 a5 10.e5 dxe5 11.dxe5 Nd7 12.Qe2 Nc5 13.Rad1 Rd8 14.Ne4 Bd7 15.Nc3 Be8
16.Qe3 h6 17.Nb5 Nb4 18.a3 Rxd1 19.Rxd1 Bxb5 20.cxb5 Nd5 21.Qd4 Rd8 22.Qc4 Nd7
23.Rd4 N7b6  1/2-1/2

[Event "Baden-Baden"]
[Site "Baden-Baden"]
[Date "1981.??.??"]
[Round "?"]
[White "Ivkov, Borislav"]
[Black "Kortschnoj, Viktor"]
[Result "1/2-1/2"]
[WhiteElo "2510"]
[BlackElo "2695"]

1.Nf3 Nf6 2.c4 e6 3.d4 Bb4+ 4.Bd2 a5 5.Nc3 O-O 6.Qc2 d6 7.a3 Bxc3 8.Bxc3 Nc6
9.e4 e5 10.dxe5 dxe5 11.Nxe5 Qe8 12.f4 Nxe5 13.Bxe5 Ng4 14.Bd4 Bf5 15.Bd3 Rd8
16.Bc5 Rxd3 17.Qxd3 Bxe4 18.Qe2 Bd3 19.Qxe8 Rxe8+ 20.Kd2 Bxc4 21.Rhe1 Be6
22.Kc3 g6 23.Bg1 Nf6 24.Rad1 Ra8 25.Re5 c6 26.Rd4 Nd5+ 27.Kd2 a4 28.Bf2 Kg7
29.Rde4 Nf6 30.Rb4 Rd8+ 31.Ke1 b5 32.Bd4 Rd6 33.Rc5 Bd5 34.Be5 Re6 35.Rxd5 cxd5
36.Rxb5 g5 37.Kf1 gxf4 38.Rxd5 Kg6 39.Bxf6 Rxf6 40.Ra5 Rb6 41.Rxa4 Rxb2 42.Rxf4 Ra2
43.Rf3 f5 44.h3 f4 45.g3 fxg3 46.Rxg3+ Kh5 47.Rb3 Kh4 48.Ke1 h5 49.Kd1 Rf2
50.Ke1  1/2-1/2

[Event "Bangalore"]
[Site "Bangalore"]
[Date "1981.??.??"]
[Round "5"]
[White "Dydyshko, Viacheslav"]
[Black "Balinas, Rosendo Carrean"]
[Result "1-0"]
[WhiteElo "2445"]
[BlackElo "2380"]

1.d4 Nf6 2.c4 e6 3.Nf3 Bb4+ 4.Bd2 Be7 5.Nc3 O-O 6.g3 b6 7.Bg2 Bb7 8.O-O d5
9.cxd5 exd5 10.Ne5 c5 11.dxc5 bxc5 12.Qb3 Bc6 13.Rad1 c4 14.Qc2 h5 15.Bf4 Qa5
16.Nxc6 Nxc6 17.Nxd5 Nxd5 18.Bxd5 Nb4 19.Qxc4 Rac8 20.Bxf7+ Kh8 21.Qe6 Bc5
22.a3 Rc6 23.Qe4  1-0

[Event "Bangalore"]
[Site "Bangalore"]
[Date "1981.??.??"]
[Round "10"]
[White "Ravisekhar, Raja"]
[Black "Filip, Miroslav"]
[Result "1/2-1/2"]
[WhiteElo "2420"]
[BlackElo "2490"]

1.d4 Nf6 2.c4 e6 3.Nf3 Bb4+ 4.Bd2 Qe7 5.g3 Nc6 6.Bg2 Bxd2+ 7.Nbxd2 d6 8.O-O a5
9.b3 O-O 10.a3 e5 11.d5 Nb8 12.Ne1 c6 13.e4 cxd5 14.cxd5 b6 15.Nc2 Ba6 16.Re1 Nbd7
17.b4 Rfc8 18.Ne3 Qd8 19.Qb1 axb4 20.axb4 Bb5 21.Rxa8 Rxa8 22.Bf1 Bxf1 23.Kxf1 Ne8
24.Rc1 Rc8 25.Rxc8 Qxc8 26.Qd3 Nb8 27.Nf5 Kf8 28.Ke2 g6 29.Ne3 Qa6 30.Qxa6 Nxa6
31.Nc2 Nb8 32.Nc4 b5 33.Na5 Ke7 34.Na3 Nc7 35.Kd3 f5 36.f3 h5 37.h4 Kd7 38.Nc2 fxe4+
39.fxe4 Nca6 40.Kc3 Kc7 41.Ne1 Nd7 42.Nf3 Nab8 43.Ng5 Nf8 44.Kd3 Na6 45.Nc6 Nb8
46.Nxb8 Kxb8 47.Ke3 Kc7 48.Kf3 Kd7 49.g4 Ke7  1/2-1/2

[Event "Biel"]
[Site "Biel"]
[Date "1981.??.??"]
[Round "?"]
[White "Toth, Bela"]
[Black "Wirthensohn, Heinz"]
[Result "0-1"]
[WhiteElo "2400"]
[BlackElo "2420"]

1.d4 Nf6 2.c4 e6 3.Nf3 Bb4+ 4.Bd2 Qe7 5.g3 Bxd2+ 6.Nbxd2 d6 7.Bg2 e5 8.e4 O-O
9.O-O a5 10.Qc2 Nc6 11.d5 Nb8 12.Ne1 c6 13.Nd3 Na6 14.dxc6 bxc6 15.c5 Nxc5
16.Nxc5 dxc5 17.Rfc1 Rd8 18.Nb3 c4 19.Qxc4 a4 20.Nc5 Rd4 21.Qc3 Nd7 22.Qa3 Rb8
23.Bh3 Nxc5 24.Bxc8 Rdb4 25.Bh3 Nxe4 26.Rxc6 Nxf2 27.Bf5 g6 28.Rf1 Ne4 29.Bxe4 Qa7+
30.Kh1 Rxe4 31.Qd6 Re2 32.Qd5 Rf8 33.b4 Qe3 34.Rc8 Qe4+ 35.Qxe4 Rxe4 36.Rxf8+ Kxf8
37.Rb1 Ke7 38.b5 Kd8 39.Rb2 Kc7 40.b6+ Kb7 41.Kg1 Rc4  0-1

[Event "Bochum"]
[Site "Bochum"]
[Date "1981.??.??"]
[Round "?"]
[White "Garcia Gonzales, Guillermo"]
[Black "Ciocaltea, Victor"]
[Result "1/2-1/2"]
[WhiteElo "2520"]
[BlackElo "2445"]

1.Nf3 Nf6 2.d4 e6 3.c4 Bb4+ 4.Bd2 Qe7 5.g3 O-O 6.Bg2 Bxd2+ 7.Qxd2 Ne4 8.Qc2 f5
9.O-O d6 10.Nc3 Nxc3 11.Qxc3 Nd7 12.Rfe1 e5 13.dxe5 Nxe5 14.e3 Nxf3+ 15.Bxf3 Rb8
16.Bg2 Qe5 17.Bd5+ Kh8 18.Rac1  1/2-1/2

[Event "Bochum"]
[Site "Bochum"]
[Date "1981.??.??"]
[Round "?"]
[White "Hort, Vlastimil"]
[Black "Garcia Gonzales, Guillermo"]
[Result "1-0"]
[WhiteElo "2575"]
[BlackElo "2520"]

1.d4 Nf6 2.c4 e6 3.Nf3 Bb4+ 4.Bd2 a5 5.Qc2 d5 6.a3 Be7 7.Nc3 O-O 8.Bg5 Nbd7
9.e3 c6 10.Rd1 b6 11.cxd5 exd5 12.Be2 Re8 13.Bf4 Bb7 14.O-O Nh5 15.Be5 g6
16.h3 Nxe5 17.Nxe5 Nf6 18.Qb3 Bd6 19.f4 Re7 20.Bf3 b5 21.g4 a4 22.Qc2 Qa5
23.g5 Ne8 24.Ne2 Rc8 25.Nc1 c5 26.Qg2 cxd4 27.exd4 b4 28.axb4 Qxb4 29.Qf2 Bxe5
30.fxe5 Ba6 31.Bxd5 Bxf1 32.Rxf1 Rcc7 33.e6 Ng7 34.exf7+ Kf8 35.Qf6 Red7
36.Nd3 Qe7 37.Nf4 Rd6 38.Ne6+ Rxe6 39.Bxe6 Qxf6 40.Rxf6 Rc1+ 41.Kf2 Rc2+
42.Ke3 Nxe6 43.Rxe6 Rxb2 44.Ra6 Kxf7 45.Ke4 Rh2 46.Ra7+ Ke6 47.Ra6+ Kf7 48.Ke5 Rxh3
49.Ra7+ Kf8 50.Rxa4 Rg3 51.Ra8+ Ke7 52.Ra7+ Kf8 53.Kf6 Rf3+ 54.Ke6 Re3+ 55.Kd6 Rg3
56.d5 Rxg5 57.Rxh7 Rg1 58.Kd7 g5 59.d6 g4 60.Kc8 g3 61.Rh8+ Kf7 62.d7 Rc1+
63.Kb7 Rb1+ 64.Kc6  1-0

[Event "Elekes mem-A"]
[Site "Budapest"]
[Date "1981.??.??"]
[Round "?"]
[White "Szilagyi, Gyorgy"]
[Black "Knezevic, Milorad"]
[Result "1/2-1/2"]
[WhiteElo "2325"]
[BlackElo "2460"]

1.d4 Nf6 2.c4 e6 3.Nf3 Bb4+ 4.Bd2 Qe7 5.g3 Nc6 6.Bg2 Bxd2+ 7.Qxd2 d6 8.O-O O-O
9.Nc3 e5 10.Nd5 Qd8 11.Nxf6+ Qxf6 12.dxe5 dxe5 13.Rfd1 Be6 14.Qc3 Rad8  1/2-1/2

[Event "Elekes mem-A"]
[Site "Budapest"]
[Date "1981.??.??"]
[Round "?"]
[White "Henley, Ron W"]
[Black "Knezevic, Milorad"]
[Result "1/2-1/2"]
[WhiteElo "2455"]
[BlackElo "2460"]

1.d4 Nf6 2.c4 e6 3.Nf3 Bb4+ 4.Bd2 Qe7 5.g3 Nc6 6.Bg2 Bxd2+ 7.Nbxd2 d6 8.O-O a5
9.e4 e5 10.d5 Nb8 11.Ne1 h5 12.Nd3 h4 13.Qe2 Na6 14.a3 a4 15.b4 axb3 16.Nxb3 hxg3
17.hxg3 Rh6 18.Rfc1 Nd7 19.a4 Nac5 20.Nbxc5 Nxc5 21.Nxc5 dxc5 22.a5 Rha6
23.Qe1 R8a7  1/2-1/2